000 00941cab a2200169 4500
001 L129709
008 050513n2005 000 0 eng u
035 _a(Sirsi) u129709
041 _aeng
110 _aRoyal Geographical Society
_92520
245 _aRGS picture library
260 _c2005
520 _aThe Royal Geographical Society (RGS), with the Institute of British Geographers (IBG), has launched a new online picture library containing thousands of images from its collection of historical and modern travel photography as well as classic images of exploration from its Antarctic and Everest collections. The RGS/IBG picture library has a comprehensive search facility. Lightboxes can be created and managed after free registration and high resolution image files can be ordered.
690 _aENVIRONMENTAL AND LAND CONSULTANCY-GEOMATICS
856 _uhttps://images.rgs.org/
_zView the website at www.rgs.org...
942 _n0
999 _c75223
_d75223